000 00604nam a2200181 i 4500
001 70458
003 ES-MaACL
005 20250827022716.0
007 t|
008 040726s19641967sp ||||1| spa d
100 1 _aGarcía-Trevijano Fos, José Antonio.
_955343
245 1 0 _aTratado de derecho administrativo /
_cJosé Antonio García-Trevijano.
260 _aMadrid :
_bRevista de Derecho Administrativo,
_c[1964-1967] (
_fPablo López)
300 _a2 v. ;
_c23 cm.
650 0 7 _aDerecho administrativo
_2embne
_911642
852 _aES-MaACL
_jP-583-Ter
_bR.59532
999 _c70458
_d70458